| 000 | 00626nam a22001937a 4500 | ||
|---|---|---|---|
| 005 | 20241007161404.0 | ||
| 010 | _aENG-141941 | ||
| 020 |
_c799.00 _a9789357312752 |
||
| 035 | _aEN-125473 | ||
| 037 | _bDBAD | ||
| 082 | _a362.1962414 | ||
| 100 |
_aPrasad, Rohit _972440 |
||
| 245 |
_aThe Last Dance of Rationality/ _cBy Rohit Prasad |
||
| 260 |
_aGurugram _bHachette Book Publishing _c2023 |
||
| 270 |
_a4th and 5th Floors, Corporate Centre, Plot No.94 _bGurugram _e122003 |
||
| 300 |
_axxiv,328p. _c21cm(hb) |
||
| 500 | _aMaking Sense of an Unravelling World Order | ||
| 942 |
_2ddc _cCH _h362.1962414 _mPRA |
||
| 999 |
_c206150 _d206150 |
||